Go ky a flite / (Record no. 14054)

000 -LEADER
fixed length control field 00595nam a2200193 4500
020 ## - ISBN
ISBN 9780545666596
082 ## - DEWEY DECIMAL CLASSIFICATION NUMBER
Classification number Fic. C6954g 2014
100 ## - MAIN ENTRY--PERSONAL NAME
Personal name Cowley, Joy
245 ## - TITLE STATEMENT
Title Go ky a flite /
Statement of responsibility, etc. by Joy Cowley ; illustrated by Steven Wood
260 ## - PUBLICATION, DISTRIBUTION, ETC. (IMPRINT)
Place of publication, distribution, etc. New York
Name of publisher, distributor, etc. Scholastic
Date of publication, distribution, etc. c2014
300 ## - PHYSICAL DESCRIPTION
Extent/Page number 16 pages :
Other physical details chiefly color illustration ;
Dimensions 17.8 x 21 cm
504 ## - BIBLIOGRAPHY, ETC. NOTE
Bibliography, etc Lexile measure: 400L
526 ## - STUDY PROGRAM INFORMATION NOTE
PROGRAM TYPE FICTION
650 ## - SUBJECT ADDED ENTRY--TOPICAL TERM
Topical term or geographic name as entry element Kites -- Juvenile literature
650 ## - SUBJECT ADDED ENTRY--TOPICAL TERM
Topical term or geographic name as entry element Robots -- Juvenile literature
650 ## - SUBJECT ADDED ENTRY--TOPICAL TERM
Topical term or geographic name as entry element Readers (Elementary)
650 ## - SUBJECT ADDED ENTRY--TOPICAL TERM
Topical term or geographic name as entry element Children's stories, English
942 ## - ADDED ENTRY ELEMENTS
Classification
Item type Book
Holdings
Withdrawn status Lost status Source of classification or shelving scheme Damaged status Not for loan Collection code Permanent Location Current Location Shelving location Date acquired Source of acquisition Cost, normal purchase price Full call number Barcode Date last seen Copy number Cost, replacement price Price effective from Item type
          DEAR Grade School Library Grade School Library DEAR 2026-02-19 Scholastic 200.00 Fic. C6954g 2014 c2 GS5420 2026-02-19 2 400.00 2026-02-19 Book
          DEAR Grade School Library Grade School Library DEAR 2026-02-19 Scholastic 200.00 Fic. C6954g 2014 c1 GS5419 2026-02-19 1 400.00 2026-02-19 Book